000 00358nam a2200133Ia 4500
005 20251222143313.0
008 251222s9999||||xx |||||||||||||| ||spa||
020 _a958-20-0690-0
082 _a370.7/I21
100 _aLafrancesco Villegas, Giovanni Marcelo
245 0 _aLa Investigación en Educación y Pedagogía:
264 _bMagisterio
942 _cLIB
999 _c15794
_d15794